00553cam a22002051 4500001001300000003000400013005001700017008004100034010001700075035002000092040001800112042001200130050001900142100003900161245005600200260001100256300002700267650003600294999001700330sa 68016978 DLC20260227112659.0890406s1967 xx 000 0 tamo  asa 68016978  a(OCoLC)23574002 aDLCcMiUdDLC apremarc00aGR305.5.T3bR31 aRāmanātan̲, Aru.,d1924-1974.10aMatanakāmarājan, Mariyātairāman kataikaḷ. c[1967] a448 p.billus.c18 cm. 0aTamil (Indic people)xFolklore. c87438d87438